000 00522ntaaa2200193 4500
003 01
005 20251027201455.0
008 0714s1973 ag 01
040 _aAR-BaBN
_bspa
_cAR-BaBN
_eaacr
_dRIC
082 _a226.6000 B28
100 _aBartlet, J. Vernon
_913327
245 _aActs
250 _a1 ed. :
_bT. C. y E. C. Jack,
_cn.f.
300 _a394 p.
500 _a(Century Bible, W. F. Adeney ed.) Nota: hay otro ejemplar en R 220.7 Ad3.
650 _aBiblia-N.T.-Hechos
650 _aHechos
_94398
942 _cBK
999 _c9298
_d9298